000 00804nam a22002057a 4500
999 _c11517
_d11517
003 AR-CdUCM
008 190404b ||||| |||| 00| 0 spa d
040 _aMUNICIPALIDAD PROVINCIAL DEL CUSCO
_cBIBLIOTECA MUNICIPAL DEL CUSCO
082 _a781.55 /
_bN4 / 1945
100 _aNettl, Paul
_928932
245 _aLa música en la danza /
260 _aBuenos Aires ;
_bEspasa-Calpe Argentina,
_c1945.
300 _a338 páginas ;
_bPentagramas,
_c22 cm.
505 _aContenido: Música y movimiento -- Música y baile -- Música bailable de los primitivos de los antiguos y de las culturas no europeas -- La primera mitad de la edad media ...
650 _aMúsica para baile
_928933
650 _aHistoria
_9136
700 _aReyles, Teresa (traducción)
_928934
942 _2ddc
_cLIBROS
945 _aacv